Poems in the making / (Record no. 9088)
[ view plain ]
| 000 -LEADER | |
|---|---|
| fixed length control field | 00932nam a2200337 a 4500 |
| 001 - CONTROL NUMBER | |
| JCCL Control Number | 9088 |
| 003 - CONTROL NUMBER IDENTIFIER | |
| JCCL marc code | BD-JhCC |
| 005 - DATE AND TIME OF LATEST TRANSACTION | |
| control field | 20211110134022.0 |
| 008 - FIXED-LENGTH DATA ELEMENTS--GENERAL INFORMATION | |
| fixed length control field | 180308s1963 mau 000 0 eng d |
| 035 ## - SYSTEM CONTROL NUMBER | |
| system control number | MITb10525514 |
| 035 ## - SYSTEM CONTROL NUMBER | |
| system control number | BD-JhCC)9088 |
| 035 ## - SYSTEM CONTROL NUMBER | |
| system control number | GLIS00525514 |
| 040 ## - CATALOGING SOURCE | |
| Original cataloging agency | BD-JhCC |
| Transcribing agency | YNG |
| Modifying agency | BD-JhCC |
| -- | SER |
| -- | OCL |
| -- | RCD |
| 041 ## - LANGUAGE CODE | |
| Language code of Book | eng |
| 050 0# - LIBRARY OF CONGRESS CALL NUMBER | |
| Classification number | PN1064 |
| Item number | .G5 |
| 082 ## - DEWEY DECIMAL CLASSIFICATION NUMBER | |
| Author mark and Year | GIB 1963 |
| 090 ## - LOCALLY ASSIGNED LC-TYPE CALL NUMBER (OCLC); LOCAL CALL NUMBER (OCLC) | |
| Classification number (OCLC) (R) ; Classification number, CALL (RLIN) (NR) | PN1064 |
| Local cutter number (OCLC) ; Book number/undivided call number, CALL (RLIN) | .G451 |
| 099 ## - LOCAL FREE-TEXT CALL NUMBER | |
| Classification number | PN1064.G451 |
| 100 1# - MAIN ENTRY--PERSONAL NAME | |
| Personal name | Gibson, W. Walker. |
| 245 10 - TITLE STATEMENT | |
| Title | Poems in the making / |
| Statement of responsibility, etc | W. Walker Gibson, |
| 260 ## - PUBLICATION, DISTRIBUTION, ETC. (IMPRINT) | |
| Place of publication, distribution, etc | Boston, |
| Name of publisher, distributor, etc | Houghton Mifflin |
| Date of publication, distribution, etc | [1963] |
| 300 ## - PHYSICAL DESCRIPTION | |
| Pagination | 244 p. |
| Dimensions | 21 cm. |
| 490 1# - SERIES STATEMENT | |
| Series statement | Literature in the making |
| 650 #0 - SUBJECT ADDED ENTRY--TOPICAL TERM | |
| Topical term or geographic name as entry element | Poetry. |
| 650 #0 - SUBJECT ADDED ENTRY--TOPICAL TERM | |
| Topical term or geographic name as entry element | Creation (Literary, artistic, etc.) |
| 650 #0 - SUBJECT ADDED ENTRY--TOPICAL TERM | |
| Topical term or geographic name as entry element | English poetry |
| General subdivision | History and criticism. |
| 830 #0 - SERIES ADDED ENTRY--UNIFORM TITLE | |
| Uniform title | Literature in the making. |
| 942 ## - ADDED ENTRY ELEMENTS (KOHA) | |
| Source of classification or shelving scheme | Dewey Decimal Classification |
| Koha item type | Books |
| Koha issues (borrowed), all copies | 2 |
| 949 ## - LOCAL PROCESSING INFORMATION (OCLC) | |
| a | MYGH |
| Source of classification or shelving scheme | Damaged status | Not for loan | Home library | Current library | Shelving location | Source of acquisition | Total Checkouts | Full call number | Barcode | Date last seen | Date checked out | Copy number | Koha item type |
|---|---|---|---|---|---|---|---|---|---|---|---|---|---|
| Dewey Decimal Classification | JCC Rouf Library | JCC Rouf Library | General Stacks | Asia Foundation | 1 | 808.1 GIB 1963 | 12100 | 03/03/2022 | 11/09/2021 | C - 1 | Books |